| 000 | 00540nam a2200181 a 4500 | ||
|---|---|---|---|
| 001 | 000274269 | ||
| 003 | AM-YEHGA | ||
| 005 | 20250825120700.0 | ||
| 008 | 031021s1911 tu |||||||||||000|1|arm|d | ||
| 040 | _aAM-YEHGA | ||
| 041 | 0 | _aarm | |
| 100 | 1 | _aԷսաճանեան, Լեւոն | |
| 245 | 1 | 0 |
_aՓանդիռ / _cԼ. Էսաճանեան. |
| 260 |
_aԿ. Պոլիս : _bտպ. Միքայէլ Տէր-Սահակեան, _c1911. |
||
| 300 |
_a126 էջ ; _c17 սմ. |
||
| 650 | 1 | 4 |
_aՀայ գրականություն _xՊոեզիա |
| 942 |
_2udc _cBK |
||
| 999 |
_c99724 _d99724 |
||